[Event "DVM U20w 2017"]
[Site "Düsseldorf GER"]
[Date "2017.12.28"]
[Round "3"]
[White "Eichhorn, Elisabeth"]
[Black "Schäfer, Leonie"]
[Result "0-1"]
[Termination "normal"]
[Board "2.4"]
[WhiteElo "1362"]
[BlackElo "1395"]
[WhiteClock "00:18:57"]
[BlackClock "00:21:57"]
[WhiteTeam "Karlsruher SF"]
[BlackTeam "SV Lingen"]
[PlyCount "184"]
[WhiteFideId "16235070"]
[BlackFideId "16241851"]
[EventCountry "GER"]
[EventRounds "7"]
[EventType "team-round robin"]
[EventDate "2017.12.26"]

1. d4 {[%clk 1:30:58]} g6 {[%clk 1:30:53]} 2. Nf3 {[%clk 1:31:06]} Bg7 {[%clk
1:31:12]} 3. e3 {[%clk 1:31:13]} d6 {[%clk 1:31:19]} 4. Bd3 {[%clk 1:31:06]}
Bg4 {[%clk 1:29:53]} 5. O-O {[%clk 1:27:52]} Nc6 {[%clk 1:27:29]} 6. Nbd2
{[%clk 1:26:16]} a6 {[%clk 1:23:32]} 7. c3 {[%clk 1:20:28]} f5 {[%clk 1:23:43]}
8. e4 {[%clk 1:14:06]} fxe4 {[%clk 1:22:46]} 9. Nxe4 {[%clk 1:13:01]} Nf6
{[%clk 1:22:09]} 10. Nxf6+ {[%clk 1:00:54]} Bxf6 {[%clk 1:22:27]} 11. h3 {[%clk
0:59:58]} Bxf3 {[%clk 1:22:03]} 12. Qxf3 {[%clk 0:59:30]} O-O {[%clk 1:22:23]}
13. Qd5+ {[%clk 0:56:22]} Kh8 {[%clk 1:22:08]} 14. Bh6 {[%clk 0:55:00]} Bg7
{[%clk 1:20:46]} 15. Bxg7+ {[%clk 0:55:14]} Kxg7 {[%clk 1:21:15]} 16. f4 {[%clk
0:54:25]} Qe8 {[%clk 1:17:54]} 17. Rae1 {[%clk 0:53:03]} Qf7 {[%clk 1:16:04]}
18. Qg5 {[%clk 0:49:37]} Qf6 {[%clk 1:15:15]} 19. h4 {[%clk 0:48:27]} Qxg5
{[%clk 1:13:26]} 20. hxg5 {[%clk 0:48:02]} e5 {[%clk 1:11:32]} 21. fxe5 {[%clk
0:40:50]} Rxf1+ {[%clk 1:11:57]} 22. Bxf1 {[%clk 0:40:18]} dxe5 {[%clk
1:12:19]} 23. d5 {[%clk 0:39:39]} Ne7 {[%clk 1:11:06]} 24. c4 {[%clk 0:39:35]}
Rd8 {[%clk 1:09:31]} 25. Rxe5 {[%clk 0:39:43]} Kf7 {[%clk 1:08:12]} 26. g3
{[%clk 0:38:27]} c6 {[%clk 1:07:19]} 27. dxc6 {[%clk 0:35:20]} Nxc6 {[%clk
1:07:44]} 28. Re2 {[%clk 0:35:35]} Nd4 {[%clk 0:57:37]} 29. Rf2+ {[%clk
0:34:58]} Ke7 {[%clk 0:55:57]} 30. Bg2 {[%clk 0:32:54]} b6 {[%clk 0:55:23]} 31.
Bd5 {[%clk 0:32:50]} Nf5 {[%clk 0:52:55]} 32. g4 {[%clk 0:32:05]} Nd6 {[%clk
0:53:21]} 33. Re2+ {[%clk 0:31:38]} Kd7 {[%clk 0:52:19]} 34. b4 {[%clk
0:29:03]} Re8 {[%clk 0:51:37]} 35. Rd2 {[%clk 0:28:48]} Rc8 {[%clk 0:48:31]}
36. b5 {[%clk 0:26:13]} a5 {[%clk 0:46:35]} 37. Bc6+ {[%clk 0:21:30]} Ke7
{[%clk 0:45:06]} 38. Kg2 {[%clk 0:19:30]} Rf8 {[%clk 0:44:09]} 39. Kg3 {[%clk
0:16:32]} Rf7 {[%clk 0:43:23]} 40. Rc2 {[%clk 0:15:35]} Rf8 {[%clk 0:39:10]}
41. c5 {[%clk 0:15:13]} bxc5 {[%clk 0:37:18]} 42. Rxc5 {[%clk 0:14:35]} Rc8
{[%clk 0:22:37]} 43. Re5+ {[%clk 0:12:59]} Kf7 {[%clk 0:20:57]} 44. Bg2 {[%clk
0:11:33]} Rb8 {[%clk 0:16:24]} 45. b6 {[%clk 0:07:54]} Rxb6 {[%clk 0:11:06]}
46. Rxa5 {[%clk 0:08:02]} Rb4 {[%clk 0:10:57]} 47. Bd5+ {[%clk 0:07:23]} Kf8
{[%clk 0:08:33]} 48. Ra7 {[%clk 0:07:13]} Ne4+ {[%clk 0:08:05]} 49. Bxe4 {[%clk
0:06:56]} Rxe4 {[%clk 0:08:29]} 50. Rxh7 {[%clk 0:07:12]} Re3+ {[%clk 0:08:50]}
51. Kf4 {[%clk 0:06:52]} Ra3 {[%clk 0:08:44]} 52. Rh2 {[%clk 0:06:42]} Ke7
{[%clk 0:07:43]} 53. Rd2 {[%clk 0:06:11]} Ra4+ {[%clk 0:05:57]} 54. Kf3 {[%clk
0:03:46]} Ra3+ {[%clk 0:06:06]} 55. Ke2 {[%clk 0:03:26]} Ra4 {[%clk 0:25:49]}
56. Kf3 {[%clk 0:33:05]} Ra3+ {[%clk 0:25:56]} 57. Kf2 {[%clk 0:33:14]} Ra4
{[%clk 0:26:17]} 58. Re2+ {[%clk 0:33:20]} Kf7 {[%clk 0:26:21]} 59. Rb2 {[%clk
0:28:34]} Ra7 60. Ke2 {[%clk 0:27:44]} Ra4 {[%clk 0:25:02]} 61. Kd3 {[%clk
0:27:06]} Rxg4 {[%clk 0:25:03]} 62. Rb5 {[%clk 0:26:40]} Ra4 {[%clk 0:25:00]}
63. Rb2 {[%clk 0:26:49]} Ra5 {[%clk 0:25:12]} 64. Rg2 {[%clk 0:26:58]} Ke6
{[%clk 0:24:34]} 65. Kc3 {[%clk 0:26:32]} Kf5 {[%clk 0:24:19]} 66. Kb4 {[%clk
0:26:40]} Ra7 {[%clk 0:24:23]} 67. a4 {[%clk 0:26:44]} Kf4 {[%clk 0:24:31]} 68.
a5 {[%clk 0:26:48]} Re7 {[%clk 0:24:03]} 69. Kb5 {[%clk 0:26:36]} Re5+ {[%clk
0:24:25]} 70. Kb6 {[%clk 0:26:39]} Re6+ {[%clk 0:24:49]} 71. Kc7 {[%clk
0:26:46]} Ra6 {[%clk 0:25:05]} 72. Ra2 {[%clk 0:27:01]} Kxg5 {[%clk 0:25:13]}
73. Kb7 {[%clk 0:27:20]} Rf6 {[%clk 0:25:30]} 74. Rc2 {[%clk 0:26:54]} Kh4
{[%clk 0:25:12]} 75. a6 {[%clk 0:27:06]} Rf8 {[%clk 0:22:18]} 76. a7 {[%clk
0:27:17]} g5 {[%clk 0:22:45]} 77. Rc8 {[%clk 0:26:27]} Rf7+ {[%clk 0:23:03]}
78. Kb8 {[%clk 0:24:55]} Rxa7 {[%clk 0:23:13]} 79. Kxa7 {[%clk 0:25:04]} g4
{[%clk 0:23:35]} 80. Rc4 {[%clk 0:24:54]} Kh3 {[%clk 0:23:56]} 81. Kb6 {[%clk
0:22:05]} g3 {[%clk 0:24:18]} 82. Rc8 {[%clk 0:21:17]} g2 {[%clk 0:23:52]} 83.
Rh8+ {[%clk 0:21:24]} Kg3 84. Kc5 {[%clk 0:21:37]} g1=Q+ {[%clk 0:24:41]} 85.
Kd5 {[%clk 0:21:32]} Qg2+ {[%clk 0:24:28]} 86. Ke6 {[%clk 0:21:32]} Qe4+ {[%clk
0:23:38]} 87. Kf7 {[%clk 0:20:33]} Qf5+ {[%clk 0:23:24]} 88. Kg7 {[%clk
0:19:44]} Qe5+ {[%clk 0:23:42]} 89. Kh7 {[%clk 0:19:46]} Kg4 {[%clk 0:23:07]}
90. Rg8+ {[%clk 0:20:07]} Kh5 {[%clk 0:23:10]} 91. Rh8 {[%clk 0:18:50]} Qe7+
{[%clk 0:21:49]} 92. Kg8+ {[%clk 0:18:57]} Kg6 {[%clk 0:21:57]} 0-1

[Event "DVM U20w 2017"]
[Site "Düsseldorf GER"]
[Date "2017.12.28"]
[Round "3"]
[White "Lohrmann, Tabea"]
[Black "Peil, Celine"]
[Result "0-1"]
[Termination "normal"]
[Board "3.1"]
[WhiteElo "1694"]
[BlackElo "1705"]
[WhiteTeam "SK Endingen"]
[BlackTeam "USG Chemnitz"]
[PlyCount "50"]
[WhiteFideId "12911941"]
[BlackFideId "12942219"]
[EventCountry "GER"]
[EventRounds "7"]
[EventType "team-round robin"]
[EventDate "2017.12.26"]

1. e4 c5 2. Nf3 Nc6 3. d4 cxd4 4. Nxd4 g6 5. Nc3 Bg7 6. Be3 Nf6 7. Bc4 d6 8. f3
O-O 9. Bb3 Bd7 10. Qd2 a6 11. h4 h5 12. O-O-O b5 13. Nd5 Ne5 14. Nxf6+ Bxf6 15.
Rdg1 Qc8 16. Kb1 Bg7 17. Ne2 a5 18. a3 b4 19. axb4 axb4 20. Bd4 Bb5 21. Nf4 Qa6
22. c3 Bh6 23. Be3 Bxf4 24. c4 Bxe3 25. Qxe3 Nxc4 0-1

[Event "DVM U20w 2017"]
[Site "Düsseldorf GER"]
[Date "2017.12.28"]
[Round "3"]
[White "Kluge, Leyla"]
[Black "Schneider, Xenia"]
[Result "1-0"]
[Termination "normal"]
[Board "3.2"]
[WhiteElo "1600"]
[BlackElo "1320"]
[WhiteTeam "USG Chemnitz"]
[BlackTeam "SK Endingen"]
[PlyCount "79"]
[WhiteFideId "12918172"]
[BlackFideId "12911984"]
[EventCountry "GER"]
[EventRounds "7"]
[EventType "team-round robin"]
[EventDate "2017.12.26"]

1. c4 {[%emt 0:00:00]} c6 2. Nc3 Nf6 3. g3 d5 4. cxd5 cxd5 5. d4 Nc6 6. Bg2 Bf5
7. Nf3 h6 8. O-O e6 9. a3 a6 10. Bf4 Bd6 11. Be5 O-O 12. Rc1 Ng4 13. Bxd6 Qxd6
14. Na4 Rac8 15. e3 Rc7 16. Nh4 g6 17. h3 Nxe3 18. fxe3 Bxh3 19. Qf3 Bxg2 20.
Nxg2 f5 21. Nf4 Rg7 22. Nc5 Nd8 23. Nfd3 a5 24. Ne5 b6 25. Ncd3 h5 26. Rc2 Rh7
27. Nxg6 Rg7 28. Nxf8 Rxg3+ 29. Rg2 Rxg2+ 30. Qxg2+ Kxf8 31. Ne5 Nf7 32. Qh2
Qd8 33. Nxf7 Kxf7 34. Qxh5+ Ke7 35. Qg5+ Kd7 36. Qxd8+ Kxd8 37. Kg2 Kd7 38. Kf3
a4 39. Rc1 Kd6 40. Kf4 1-0

[Event "DVM U20w 2017"]
[Site "Düsseldorf GER"]
[Date "2017.12.28"]
[Round "3"]
[White "Wagner, Lena"]
[Black "Wienhold, Nadine"]
[Result "0-1"]
[Termination "normal"]
[Board "3.3"]
[WhiteElo "1259"]
[BlackElo "1422"]
[WhiteTeam "SK Endingen"]
[BlackTeam "USG Chemnitz"]
[PlyCount "130"]
[WhiteFideId "12983470"]
[BlackFideId "12964514"]
[EventCountry "GER"]
[EventRounds "7"]
[EventType "team-round robin"]
[EventDate "2017.12.26"]

1. d4 {[%emt 0:00:00]} d5 2. Nf3 Bf5 3. Bf4 e6 4. g3 Nc6 5. Nc3 Nf6 6. a3 Be7
7. Bg2 a6 8. O-O O-O 9. Re1 Ne4 10. Ne5 Nxc3 11. bxc3 Nxe5 12. Bxe5 Bg6 13. e4
c6 14. a4 Bd6 15. exd5 exd5 16. Rb1 b5 17. axb5 axb5 18. Re3 Ra2 19. Rc1 h6 20.
Qe2 Ba3 21. Rd1 Qa5 22. h4 Rxc2 23. Qf3 f6 24. Bf4 Kh7 25. Ra1 Rc1+ 26. Rxc1
Bxc1 27. Re6 Bxf4 28. gxf4 Be4 29. Qg3 Bxg2 30. Kxg2 Qc7 31. h5 Qd7 32. f5 Rc8
33. Kf3 Kh8 34. Qg6 Rf8 35. Ke3 Rf7 36. Kd3 Re7 37. Re3 Rxe3+ 38. fxe3 Qe7 39.
Qg4 Kg8 40. Qf4 Kf7 41. e4 Qxe4+ 42. Qxe4 dxe4+ 43. Kxe4 Ke7 44. Kd3 Kd6 45.
Kc2 Kd5 46. Kb3 c5 47. dxc5 Kxc5 48. Kc2 b4 49. cxb4+ Kxb4 50. Kd3 Kc5 51. Ke4
Kd6 52. Ke3 Kd5 53. Kd3 Ke5 54. Kc4 Kxf5 55. Kd5 Kg4 56. Ke6 f5 57. Kf7 Kxh5
58. Kxg7 f4 59. Kf6 f3 60. Kg7 f2 61. Kf6 f1=Q+ 62. Kg7 Qf5 63. Kh8 Qd7 64. Kg8
Kg6 65. Kf8 Qf7# 0-1

[Event "DVM U20w 2017"]
[Site "Düsseldorf GER"]
[Date "2017.12.28"]
[Round "3"]
[White "Fuchs, Joline"]
[Black "Wagner, Anna"]
[Result "1-0"]
[Termination "normal"]
[Board "3.4"]
[WhiteElo "1393"]
[BlackElo "1297"]
[WhiteTeam "USG Chemnitz"]
[BlackTeam "SK Endingen"]
[PlyCount "119"]
[WhiteFideId "12964506"]
[BlackFideId "12983489"]
[EventCountry "GER"]
[EventRounds "7"]
[EventType "team-round robin"]
[EventDate "2017.12.26"]

1. g3 Nc6 2. Bg2 Nf6 3. d3 d5 4. e3 e5 5. Ne2 Bd6 6. O-O Be6 7. b3 e4 8. Bb2
O-O 9. dxe4 dxe4 10. Nd2 Bf5 11. Bxf6 Qxf6 12. Nxe4 Bxe4 13. Bxe4 Rad8 14. Qc1
Rfe8 15. Bg2 Be5 16. Rb1 Nb4 17. a3 Na2 18. Qe1 Bc3 19. Nxc3 Nxc3 20. Ra1 Rd6
21. e4 Qe5 22. Qe3 Nxe4 23. Qxa7 Qb5 24. Rfe1 Ra6 25. Qd4 Nf6 26. Rxe8+ Qxe8
27. Bxb7 Rb6 28. Bg2 h6 29. a4 Rd6 30. Qe3 Qd8 31. Qf3 Rd2 32. Rc1 Nd5 33. c3
Nb6 34. c4 Rd3 35. Qe2 Rxb3 36. Rd1 Qf8 37. a5 Nc8 38. Ra1 Ra3 39. Rxa3 Qxa3
40. Qe8+ Qf8 41. Qd7 c5 42. a6 Nb6 43. Qc7 Na8 44. Qc6 Kh7 45. Qxa8 Qxa8 46.
Bxa8 Kg6 47. a7 f6 48. Bd5 Kf5 49. f3 Kg6 50. a8=Q Kg5 51. h4+ Kg6 52. Be4+ Kf7
53. Qa7+ Ke6 54. Qxc5 Kf7 55. Qd6 Ke8 56. c5 Kf7 57. c6 Ke8 58. c7 Kf7 59. Qd7+
Kf8 60. c8=R# 1-0

[Event "DVM U20w 2017"]
[Site "Düsseldorf GER"]
[Date "2017.12.28"]
[Round "3"]
[White "Schneider, Jana"]
[Black "Sherif, Amina"]
[Result "1-0"]
[Termination "normal"]
[Board "4.1"]
[WhiteTitle "FM"]
[BlackTitle "WIM"]
[WhiteElo "2222"]
[BlackElo "2041"]
[WhiteTeam "Spvgg 1946 Stetten"]
[BlackTeam "TuRa Harksheide Norderstedt"]
[PlyCount "77"]
[WhiteFideId "12924997"]
[BlackFideId "12911690"]
[EventCountry "GER"]
[EventRounds "7"]
[EventType "team-round robin"]
[EventDate "2017.12.26"]

1. e4 {[%emt 0:00:00]} e6 2. d4 d5 3. Nd2 dxe4 4. Nxe4 Bd7 5. Nf3 Bc6 6. Bd3
Nd7 7. O-O Be7 8. Re1 Ngf6 9. Ned2 O-O 10. Nc4 Bxf3 11. Qxf3 c6 12. c3 Re8 13.
Bd2 Nf8 14. Ne5 Ng6 15. Rad1 Qc7 16. g3 Red8 17. h4 Rac8 18. Nc4 Nf8 19. Bf4
Qd7 20. Ne5 Qe8 21. h5 Nd5 22. Bd2 h6 23. Ng4 Kh8 24. Kg2 Nh7 25. Ne5 Ndf6 26.
g4 Kg8 27. Qe2 Bd6 28. f4 Bxe5 29. fxe5 Nd5 30. Qe4 Nf8 31. c4 Nb6 32. g5 hxg5
33. Bxg5 Rd7 34. Rg1 c5 35. dxc5 Rxc5 36. Kf2 Rdc7 37. Bf6 g6 38. Qf4 Nbd7 39.
Qh6 1-0

[Event "DVM U20w 2017"]
[Site "Düsseldorf GER"]
[Date "2017.12.28"]
[Round "3"]
[White "Köhler, Inken"]
[Black "Siegl, Melina"]
[Result "1-0"]
[Termination "normal"]
[Board "4.2"]
[WhiteElo "1909"]
[BlackElo "2023"]
[WhiteTeam "TuRa Harksheide Norderstedt"]
[BlackTeam "Spvgg 1946 Stetten"]
[PlyCount "151"]
[WhiteFideId "12929301"]
[BlackFideId "1272126"]
[EventCountry "GER"]
[EventRounds "7"]
[EventType "team-round robin"]
[EventDate "2017.12.26"]

1. c4 e5 2. Nc3 d6 3. e4 g6 4. g3 Bg7 5. Bg2 c6 6. Nge2 Be6 7. d3 Qd7 8. O-O
Bh3 9. Rb1 h5 10. f4 h4 11. f5 Bxg2 12. Kxg2 gxf5 13. Rxf5 Ne7 14. Rf3 Qe6 15.
Bg5 Ng6 16. Qf1 Nd7 17. Qf2 Qg4 18. Be3 Qh5 19. Rf5 hxg3 20. Rxh5 gxf2 21.
Rxh8+ Bxh8 22. Kxf2 Nc5 23. Rd1 Ne6 24. Ng3 Bf6 25. Nf5 Kd7 26. Ne2 Rh8 27. Kg3
a6 28. Rf1 Nef4 29. Bxf4 exf4+ 30. Kg2 d5 31. cxd5 cxd5 32. Nxf4 Be5 33. Nh3 d4
34. Rh1 Rc8 35. Nf2 Nf4+ 36. Kf3 Rc2 37. h4 Nh5 38. Ng4 Bg7 39. Nxg7 Nxg7 40.
Ne5+ Ke6 41. Ng4 Nh5 42. Rh2 Rc1 43. Rd2 Rh1 44. Nh2 Ng7 45. Kg2 Ra1 46. Nf3
Rxa2 47. Nxd4+ Ke5 48. Ne2 Ra1 49. Rc2 Ne6 50. Nc1 f6 51. Kg3 b6 52. Kg4 Ra4
53. Rf2 Ng7 54. Kh3 Rd4 {(=)} 55. h5 Rd8 56. Kg4 Rh8 57. Rh2 Ne6 58. Ne2 Rh6
59. Ng3 b5 60. Nf5 Rh7 61. h6 Nf4 62. Rd2 Ne6 63. Rf2 Ng5 64. Kh5 Ke6 65. Kg6
Rh8 66. Ng7+ Ke7 67. Nf5+ Ke6 68. Nd4+ Ke7 69. Nc6+ Kd7 70. Rxf6 Ne6 71. Ne5+
Ke7 72. Rf7+ Ke8 73. h7 Nf8+ 74. Kh6 Ne6 75. Ra7 Nf8 76. Ng6 1-0

[Event "DVM U20w 2017"]
[Site "Düsseldorf GER"]
[Date "2017.12.28"]
[Round "3"]
[White "Mehling, Katharina"]
[Black "Zimmermann, Jasmin"]
[Result "1-0"]
[Termination "normal"]
[Board "4.3"]
[WhiteElo "1914"]
[BlackElo "1799"]
[WhiteTeam "Spvgg 1946 Stetten"]
[BlackTeam "TuRa Harksheide Norderstedt"]
[PlyCount "125"]
[WhiteFideId "12900362"]
[BlackFideId "12900400"]
[EventCountry "GER"]
[EventRounds "7"]
[EventType "team-round robin"]
[EventDate "2017.12.26"]

1. d4 Nf6 2. Nc3 g6 3. e4 d6 4. g3 Bg7 5. Bg2 Nbd7 6. Nge2 O-O 7. O-O e5 8. h3
c6 9. a4 Qc7 10. Be3 b6 11. Qd2 Re8 12. Bh6 Bb7 13. Bxg7 Kxg7 14. Rfd1 Rad8 15.
g4 h6 16. Ng3 exd4 17. Qxd4 Nc5 18. f4 Ne6 19. Qd2 d5 20. exd5 cxd5 21. Rf1
Qc5+ 22. Qf2 Qxf2+ 23. Rxf2 Rd7 24. Raf1 Nh7 25. f5 Nc5 26. Rd2 Red8 27. Rfd1
Nf6 28. Rd4 Bc6 29. Kf2 Na6 30. b4 Nc7 31. b5 Bb7 32. Na2 Nce8 33. Nb4 Rd6 34.
Ne2 Kh7 35. Nf4 Kg7 36. fxg6 fxg6 37. Nfxd5 Nxd5 38. Nxd5 Nf6 39. Nf4 Bxg2 40.
Kxg2 Rxd4 41. Rxd4 Rxd4 42. Ne6+ Kf7 43. Nxd4 Ne4 44. Nc6 Nc5 45. Nxa7 Nxa4 46.
Kf3 Kf6 47. Kf4 Nc3 48. Nc8 Nxb5 49. Nxb6 Nd4 50. c4 Ne6+ 51. Ke3 Kg5 52. Nd5
h5 53. gxh5 gxh5 {(=)} 54. Ke4 Kh4 55. Kf5 Nd4+ 56. Ke4 Ne6 57. Nf4 Nc5+ 58.
Kf3 Nd7 59. Kg2 Nc5 60. Ne2 Ne6 61. Kh2 Nc5 62. Nd4 Ne4 63. Nf3# 1-0

[Event "DVM U20w 2017"]
[Site "Düsseldorf GER"]
[Date "2017.12.28"]
[Round "3"]
[White "Schramm, Anna-Lena"]
[Black "Bosse, Lea"]
[Result "0-1"]
[Termination "normal"]
[Board "4.4"]
[WhiteElo "1474"]
[BlackElo "1702"]
[WhiteTeam "TuRa Harksheide Norderstedt"]
[BlackTeam "Spvgg 1946 Stetten"]
[PlyCount "94"]
[WhiteFideId "12918237"]
[BlackFideId "12900419"]
[EventCountry "GER"]
[EventRounds "7"]
[EventType "team-round robin"]
[EventDate "2017.12.26"]

1. c4 e5 2. Nc3 Nc6 3. g3 Bc5 4. Bg2 a6 5. e4 d6 6. Nge2 Nf6 7. h3 Be6 8. d3
Qd7 9. Nd5 h6 10. Be3 Bxe3 11. Nxe3 Qc8 12. f4 exf4 13. Nxf4 Bd7 14. O-O O-O
15. Kh2 Nd4 16. Nfd5 Nxd5 17. Nxd5 Qd8 18. Rf2 c6 19. Nf4 Qg5 20. Qd2 h5 21. h4
Qe5 22. Bh3 Bg4 23. Kg2 g5 24. Bxg4 hxg4 25. hxg5 Qxg5 26. Rh1 Nf3 27. Qc3 Qe5
28. Rh5 Qxc3 29. bxc3 Kg7 30. Rf1 Rh8 31. Rfh1 Rxh5 32. Rxh5 b5 33. c5 Rd8 34.
a3 Kf6 35. d4 Ke7 36. cxd6+ Rxd6 37. Rh7 Ng5 38. Rg7 Nxe4 39. Ne2 Rf6 40. Nf4
Nxc3 41. Rxg4 Nb1 42. Rg8 Kd6 43. Ra8 Kc7 44. Rxa6 Kb7 45. Ra5 Rd6 46. d5 Rd8
47. dxc6+ Kb6 0-1